[Event "Defi Nez-A"]
[Site "Gatineau CAN"]
[Date "2009.12.08"]
[Round "4"]
[White "Cossette, Daniel"]
[Black "Gagnon, Fabien"]
[Result "1-0"]
[WhiteElo "2102"]
[BlackElo "1977"]
[PlyCount "99"]
[GameId "2160767910030291"]
[EventDate "2009.11.17"]
[EventType "tourn"]
[EventRounds "5"]
[EventCountry "CAN"]
[SourceTitle "EXT 2011"]
[Source "ChessBase"]
[SourceDate "2011.11.26"]
[SourceVersion "1"]
[SourceVersionDate "2011.11.26"]
[SourceQuality "1"]

1. e4 c5 2. Nc3 a6 3. d3 e6 4. f4 d5 5. e5 Nc6 6. Nf3 f6 7. exf6 Nxf6 8. g3 Bd6 9. Bg2 O-O 10. O-O Bd7 11. Re1 Qc7 12. Bd2 Rae8 13. Kh1 b5 14. a3 Qb8 15. Re2 Nd4 16. Nxd4 cxd4 17. Na2 e5 18. fxe5 Bg4 19. exf6 Bxe2 20. Bxd5+ Kh8 21. fxg7+ Kxg7 22. Qg1 Be5 23. Qg2 Bg4 24. Nb4 Qd6 25. Be4 Bf6 26. Nd5 Rf7 27. Rf1 h5 28. h3 Bd7 29. Nf4 Qe5 30. Qf3 Rh8 31. Ng6 Qc5 32. Nxh8 Kxh8 33. Bd5 Kg7 34. Bg5 Qd6 35. Bxf6+ Rxf6 36. Qxf6+ Qxf6 37. Rxf6 Kxf6 38. Kg2 a5 39. b4 axb4 40. axb4 Kg5 41. h4+ Kf6 42. Kf3 Ke5 43. Bf7 Bg4+ 44. Kf2 Bd1 45. Be8 Bxc2 46. Bxb5 Bd1 47. Bc6 Bb3 48. Bf3 Bf7 49. b5 Kd6 50. b6 1-0

[Event "Defi Nez-A"]
[Site "Gatineau CAN"]
[Date "2009.12.08"]
[Round "4"]
[White "Guimond, Michel"]
[Black "Groleau, Gilles"]
[Result "0-1"]
[WhiteElo "1894"]
[BlackElo "1936"]
[PlyCount "102"]
[GameId "2160767910030292"]
[EventDate "2009.11.17"]
[EventType "tourn"]
[EventRounds "5"]
[EventCountry "CAN"]
[SourceTitle "EXT 2011"]
[Source "ChessBase"]
[SourceDate "2011.11.26"]
[SourceVersion "1"]
[SourceVersionDate "2011.11.26"]
[SourceQuality "1"]

1. e4 c5 2. Nf3 e6 3. d4 cxd4 4. Nxd4 a6 5. Be3 Nc6 6. c3 Qc7 7. f4 b5 8. Bd3 Bb7 9. O-O Nf6 10. Nd2 Rc8 11. h3 Bc5 12. Qe2 Bxd4 13. cxd4 Nb4 14. Rac1 Qxc1 15. Rxc1 Rxc1+ 16. Kh2 Nxd3 17. Qxd3 O-O 18. g4 Rfc8 19. g5 Nh5 20. h4 R8c2 21. Kh3 g6 22. d5 exd5 23. exd5 d6 24. Qe4 Ng7 25. Qe7 Rh1+ 26. Kg4 Rxh4+ 27. Kf3 Bxd5+ 28. Ke2 Rc8 29. Nf3 Re8 30. Qxe8+ Nxe8 31. Nxh4 Bxa2 32. f5 Bb1 33. f6 h6 34. Nf3 hxg5 35. Bxg5 Nc7 36. Nd4 Ne6 37. Nxe6 fxe6 38. Kf3 Kf7 39. Bh4 e5 40. Kg4 Ke6 41. Kg5 a5 42. Be1 b4 43. Bd2 d5 44. Be3 d4 45. Bc1 a4 46. Bd2 a3 47. bxa3 bxa3 48. Bc1 a2 49. Bb2 Bf5 50. Ba1 Kf7 51. Kh4 d3 0-1

[Event "Defi Nez-A"]
[Site "Gatineau CAN"]
[Date "2009.12.15"]
[Round "5"]
[White "Gagnon, Fabien"]
[Black "Guimond, Michel"]
[Result "0-1"]
[WhiteElo "1977"]
[BlackElo "1894"]
[PlyCount "128"]
[GameId "2160767910030293"]
[EventDate "2009.11.17"]
[EventType "tourn"]
[EventRounds "5"]
[EventCountry "CAN"]
[SourceTitle "EXT 2011"]
[Source "ChessBase"]
[SourceDate "2011.11.26"]
[SourceVersion "1"]
[SourceVersionDate "2011.11.26"]
[SourceQuality "1"]

1. Nf3 d6 2. d4 g6 3. e4 Bg7 4. Nc3 c6 5. a4 a5 6. Bc4 e6 7. Bb3 Ne7 8. O-O O-O 9. Bf4 h6 10. Qd2 Kh7 11. Rad1 g5 12. Bxg5 hxg5 13. Qxg5 Bh6 14. Qh5 Ng6 15. Ne2 f5 16. e5 Kg7 17. exd6 Nd7 18. Ne5 Ndxe5 19. dxe5 Bd7 20. f4 Rh8 21. Qf3 Qh4 22. g3 Qh3 23. Qg2 Qxg2+ 24. Kxg2 c5 25. Kg1 Kf7 26. Rd3 Rag8 27. Rf2 Rh7 28. Kf1 Nf8 29. Ng1 Bg7 30. Nf3 Bh6 31. Nh4 Kg7 32. Ng2 Kh8 33. Ne3 b5 34. axb5 Bxb5 35. Bc4 Bc6 36. Rb3 Ra7 37. Rb6 Bd7 38. c3 Kh7 39. Nc2 Rg6 40. Re2 Ba4 41. Ne1 Nd7 42. Ra6 Rxa6 43. Bxa6 Nb6 44. Nd3 c4 45. Nc5 Bc6 46. Rd2 Nd7 47. Nxd7 Bxd7 48. Rd4 Rg8 49. Rxc4 Kg6 50. Rc7 Ba4 51. Bc4 Rb8 52. Bxe6 Bf8 53. Bf7+ Kh6 54. Ra7 Bb5+ 55. c4 Bc6 56. Rxa5 Rxb2 57. Ra6 Be4 58. Bd5 Bd3+ 59. Ke1 Kh5 60. c5 Bxa6 61. e6 Rxh2 62. e7 Bxe7 63. dxe7 Re2+ 64. Kd1 Rxe7 0-1

[Event "Defi Nez-A"]
[Site "Gatineau CAN"]
[Date "2009.12.15"]
[Round "5"]
[White "Groleau, Gilles"]
[Black "Brousseau, Yvan"]
[Result "1-0"]
[WhiteElo "1936"]
[BlackElo "2007"]
[PlyCount "99"]
[GameId "2160767910030294"]
[EventDate "2009.11.17"]
[EventType "tourn"]
[EventRounds "5"]
[EventCountry "CAN"]
[SourceTitle "EXT 2011"]
[Source "ChessBase"]
[SourceDate "2011.11.26"]
[SourceVersion "1"]
[SourceVersionDate "2011.11.26"]
[SourceQuality "1"]

1. e4 c6 2. d4 d5 3. exd5 cxd5 4. Bd3 Nf6 5. c3 Bg4 6. Qb3 Qc7 7. Bg5 e6 8. Nd2 Be7 9. Ngf3 Nbd7 10. O-O O-O 11. Qc2 h6 12. Bh4 Bd6 13. Rae1 Nh5 14. Bg3 Nxg3 15. fxg3 e5 16. dxe5 Nxe5 17. Nxe5 Bxe5 18. Nf3 Bd6 19. Kh1 Qb6 20. Ne5 Bxe5 21. Rxe5 Rad8 22. h3 Qd6 23. Re3 Be6 24. Rf4 Qb6 25. Rd4 Rc8 26. Qb3 Qxb3 27. axb3 Rfd8 28. Kg1 Kf8 29. Kf2 a6 30. Ke1 Rc6 31. Kd2 Ke7 32. g4 b5 33. b4 g6 34. Re1 Rdd6 35. g3 Rc8 36. Bf1 Kd7 37. Re5 Rc7 38. Bg2 Rc4 39. Kd3 Rxd4+ 40. Kxd4 f6 41. Re1 Kc6 42. Rxe6 Rxe6 43. Bxd5+ Kd6 44. Bxe6 Kxe6 45. Kc5 Ke5 46. Kb6 h5 47. gxh5 gxh5 48. h4 Ke4 49. Kxa6 Kf3 50. c4 1-0

[Event "Defi Nez-A"]
[Site "Gatineau CAN"]
[Date "2009.12.15"]
[Round "5"]
[White "Laurin, Jacques"]
[Black "Cossette, Daniel"]
[Result "1-0"]
[WhiteElo "1877"]
[BlackElo "2102"]
[PlyCount "81"]
[GameId "2160767910030295"]
[EventDate "2009.11.17"]
[EventType "tourn"]
[EventRounds "5"]
[EventCountry "CAN"]
[SourceTitle "EXT 2011"]
[Source "ChessBase"]
[SourceDate "2011.11.26"]
[SourceVersion "1"]
[SourceVersionDate "2011.11.26"]
[SourceQuality "1"]

1. c4 e6 2. g3 d5 3. cxd5 exd5 4. Bg2 c5 5. e3 Nc6 6. Ne2 Nf6 7. Nf4 Bf5 8. a3 Be7 9. Qb3 Na5 10. Qa4+ Bd7 11. Qc2 Bc6 12. d3 c4 13. Nd2 b5 14. b4 cxd3 15. Nxd3 Nc4 16. Nxc4 bxc4 17. Ne5 Qd6 18. Bb2 a5 19. Rd1 axb4 20. Nxc4 Qc5 21. Bd4 Qb5 22. Ne5 Bb7 23. Bf1 Qa5 24. axb4 Bxb4+ 25. Ke2 O-O 26. Kf3 Rfc8 27. Qf5 Bc3 28. Rb1 Bxd4 29. Rxb7 Bxe5 30. Qxe5 Qd2 31. Rb2 Qd1+ 32. Kg2 Ra1 33. Rb8 Rac1 34. Rxc8+ Rxc8 35. Ba6 Qc2 36. Bxc8 Qxc8 37. Rc1 Qa8 38. Ra1 Qb7 39. Qc7 Qb5 40. Ra8+ Ne8 41. Qe7 1-0

[Event "Defi Nez-B"]
[Site "Gatineau CAN"]
[Date "2009.11.17"]
[Round "1"]
[White "Berthiaume, Patrick"]
[Black "Arsenault, Yves"]
[Result "1/2-1/2"]
[WhiteElo "1216"]
[BlackElo "1538"]
[PlyCount "85"]
[GameId "2160767910030296"]
[EventDate "2009.11.17"]
[EventType "swiss"]
[EventRounds "5"]
[EventCountry "CAN"]
[SourceTitle "EXT 2011"]
[Source "ChessBase"]
[SourceDate "2011.11.26"]
[SourceVersion "1"]
[SourceVersionDate "2011.11.26"]
[SourceQuality "1"]

1. e4 c5 2. Nc3 Nc6 3. Bb5 e5 4. Nf3 d6 5. O-O Nf6 6. d3 a6 7. Bc4 Bg4 8. h3 Bh5 9. Bg5 Be7 10. Bxf6 Bxf6 11. Nd5 O-O 12. Nxf6+ Qxf6 13. g4 Bg6 14. Nd2 Qh4 15. Kh2 Kh8 16. f4 exf4 17. Rxf4 Ne5 18. Qf1 Qe7 19. c3 Nxc4 20. Nxc4 f6 21. Ne3 Rac8 22. Nd5 Qe5 23. Rd1 Bf7 24. d4 cxd4 25. cxd4 Rc2+ 26. Kg3 Qe8 27. Rb1 Bxd5 28. exd5 Qe3+ 29. Qf3 Qd2 30. Qf2 Qxf2+ 31. Rxf2 Rc4 32. Rd1 Re8 33. Kf3 Ra4 34. b3 Ra5 35. Rc2 Rxd5 36. Rc7 Rb5 37. Rdc1 Kg8 38. Rd7 Rd5 39. Rxb7 Rxd4 40. Rcc7 Rd3+ 41. Kf2 Rd2+ 42. Kf3 Rd3+ 43. Kf2 1/2-1/2

[Event "Defi Nez-B"]
[Site "Gatineau CAN"]
[Date "2009.11.17"]
[Round "1"]
[White "Danilov, Alex"]
[Black "Rainey, Ivan"]
[Result "1-0"]
[WhiteElo "1851"]
[BlackElo "1418"]
[PlyCount "99"]
[GameId "2160767910030297"]
[EventDate "2009.11.17"]
[EventType "swiss"]
[EventRounds "5"]
[EventCountry "CAN"]
[SourceTitle "EXT 2011"]
[Source "ChessBase"]
[SourceDate "2011.11.26"]
[SourceVersion "1"]
[SourceVersionDate "2011.11.26"]
[SourceQuality "1"]

1. Nf3 Nf6 2. c4 g6 3. g3 Bg7 4. Bg2 O-O 5. O-O d6 6. Nc3 Nc6 7. d4 e5 8. d5 Ne7 9. h3 a5 10. e4 Nd7 11. Ne1 Nc5 12. Nd3 Nxd3 13. Qxd3 f5 14. exf5 Bxf5 15. Ne4 Qd7 16. Kh2 Rf7 17. Qe2 h6 18. f4 Bxe4 19. Bxe4 Raf8 20. Bd2 b6 21. fxe5 Rxf1 22. Rxf1 Rxf1 23. Qxf1 dxe5 24. Qe2 Kh7 25. a3 Nf5 26. b4 axb4 27. axb4 Nd4 28. Qh5 Qf7 29. Be3 Nf5 30. Qf3 Qf8 31. Bxf5 gxf5 32. c5 b5 33. Qf1 Qf7 34. d6 cxd6 35. cxd6 Bf8 36. Bc5 Qd7 37. Qd3 Kg7 38. Qd5 Kf6 39. Qa8 Bxd6 40. Qd5 Ke7 41. Qxe5+ Qe6 42. Bxd6+ Kd7 43. Qxe6+ Kxe6 44. Bc5 h5 45. Kg2 Kd5 46. Kf3 Ke5 47. Be3 Ke6 48. Kf4 Kf6 49. Bd4+ Kg6 50. h4 1-0

[Event "Defi Nez-B"]
[Site "Gatineau CAN"]
[Date "2009.11.17"]
[Round "1"]
[White "Desjardins, Michel"]
[Black "Lavergne, Daniel"]
[Result "1-0"]
[WhiteElo "1972"]
[BlackElo "1524"]
[PlyCount "83"]
[GameId "2160767910030298"]
[EventDate "2009.11.17"]
[EventType "swiss"]
[EventRounds "5"]
[EventCountry "CAN"]
[SourceTitle "EXT 2011"]
[Source "ChessBase"]
[SourceDate "2011.11.26"]
[SourceVersion "1"]
[SourceVersionDate "2011.11.26"]
[SourceQuality "1"]

1. e4 c5 2. Nc3 Nc6 3. g3 g6 4. Bg2 Bg7 5. d3 d6 6. Be3 a6 7. Qd2 e6 8. Nge2 h6 9. f4 Nge7 10. d4 cxd4 11. Nxd4 O-O 12. O-O Qc7 13. Rad1 Na5 14. b3 Bd7 15. Nce2 Kh7 16. c4 Rad8 17. Qb4 Nac6 18. Nxc6 Nxc6 19. Qxd6 Qxd6 20. Rxd6 Bc8 21. Rfd1 Rxd6 22. Rxd6 Rd8 23. e5 Rxd6 24. exd6 Bd7 25. Bxc6 Bxc6 26. Bd4 Bxd4+ 27. Nxd4 Bd7 28. b4 g5 29. Nb3 gxf4 30. gxf4 Kg6 31. Nc5 Bc6 32. d7 Bxd7 33. Nxd7 Kf5 34. Nc5 Kxf4 35. Nxb7 Ke5 36. a4 f5 37. c5 Kd5 38. b5 axb5 39. axb5 e5 40. c6 Ke6 41. b6 e4 42. c7 1-0

[Event "Defi Nez-B"]
[Site "Gatineau CAN"]
[Date "2009.11.17"]
[Round "1"]
[White "Levesque, Andre"]
[Black "Lacourse, Guy"]
[Result "1-0"]
[WhiteElo "1322"]
[BlackElo "1684"]
[PlyCount "53"]
[GameId "2160767910030300"]
[EventDate "2009.11.17"]
[EventType "swiss"]
[EventRounds "5"]
[EventCountry "CAN"]
[SourceTitle "EXT 2011"]
[Source "ChessBase"]
[SourceDate "2011.11.26"]
[SourceVersion "1"]
[SourceVersionDate "2011.11.26"]
[SourceQuality "1"]

1. e4 c5 2. Nc3 Nc6 3. g3 g6 4. Bg2 Bg7 5. f4 d6 6. Nf3 e6 7. O-O Nge7 8. d3 Nd4 9. Rb1 Nec6 10. a3 O-O 11. Ne2 b5 12. c3 Nxe2+ 13. Qxe2 Rb8 14. e5 d5 15. Bd2 Re8 16. d4 c4 17. b3 Qa5 18. Ra1 Qc7 19. b4 a5 20. Be3 Bd7 21. Qd2 Bf8 22. f5 Ra8 23. Bh6 Kh8 24. Bxf8 Rxf8 25. f6 Rg8 26. Qh6 Ne7 27. Ng5 1-0

[Event "Defi Nez-B"]
[Site "Gatineau CAN"]
[Date "2009.11.17"]
[Round "1"]
[White "MacIsaac, Alexandre"]
[Black "Jiang, Qizhe"]
[Result "1-0"]
[WhiteElo "1529"]
[BlackElo "1190"]
[PlyCount "89"]
[GameId "2160767910030301"]
[EventDate "2009.11.17"]
[EventType "swiss"]
[EventRounds "5"]
[EventCountry "CAN"]
[SourceTitle "EXT 2011"]
[Source "ChessBase"]
[SourceDate "2011.11.26"]
[SourceVersion "1"]
[SourceVersionDate "2011.11.26"]
[SourceQuality "1"]

1. e4 c5 2. Nf3 d6 3. d4 cxd4 4. Nxd4 a6 5. Nc3 Nf6 6. Be3 e6 7. Be2 Bd7 8. O-O Be7 9. Qd2 O-O 10. f4 e5 11. fxe5 dxe5 12. Nf3 Bc6 13. Qxd8 Rxd8 14. Nxe5 Bd6 15. Nxc6 Nxc6 16. Bg5 Be5 17. Rab1 Bd4+ 18. Kh1 Re8 19. Bd3 Bxc3 20. bxc3 Nxe4 21. Bxe4 Rxe4 22. Rxb7 f6 23. Bd2 Re2 24. Rd7 Rd8 25. Rxd8+ Nxd8 26. Rd1 Ne6 27. Kg1 Ng5 28. Kf1 Re7 29. Bxg5 fxg5 30. Rd3 Re4 31. Kf2 g6 32. Rd4 Re5 33. c4 Ra5 34. c5 Rxc5 35. c4 Ra5 36. Rd2 Ra4 37. Rc2 Kf7 38. Ke3 Ke7 39. Kd4 Kd6 40. Kc3 Kc5 41. Kd3 Kc6 42. Kd4 Kd6 43. Rf2 Ke6 44. Kc5 Ke7 45. Rd2 1-0

[Event "Defi Nez-B"]
[Site "Gatineau CAN"]
[Date "2009.11.17"]
[Round "1"]
[White "Menard, Marc"]
[Black "Arsenault, Michel"]
[Result "1/2-1/2"]
[WhiteElo "1458"]
[BlackElo "1893"]
[PlyCount "86"]
[GameId "2160767910030302"]
[EventDate "2009.11.17"]
[EventType "swiss"]
[EventRounds "5"]
[EventCountry "CAN"]
[SourceTitle "EXT 2011"]
[Source "ChessBase"]
[SourceDate "2011.11.26"]
[SourceVersion "1"]
[SourceVersionDate "2011.11.26"]
[SourceQuality "1"]

1. e4 c5 2. Nf3 e6 3. d4 cxd4 4. Nxd4 Nf6 5. Nc3 d6 6. Be2 Be7 7. O-O O-O 8. Be3 Nc6 9. f4 Bd7 10. f5 Ne5 11. fxe6 fxe6 12. Ndb5 Qb8 13. Bf4 a6 14. Nd4 b5 15. a3 b4 16. axb4 Qxb4 17. Qd2 Nc4 18. Bxc4 Qxc4 19. Nf3 e5 20. Bg5 Bc6 21. Bxf6 Bxf6 22. Qxd6 Rfd8 23. Qa3 Bxe4 24. Nxe4 Qxe4 25. Qb3+ Qd5 26. Qa2 Qxa2 27. Rxa2 e4 28. Ne1 Rd1 29. c3 Be7 30. Ra4 Bd6 31. Rxe4 Bc5+ 32. Kh1 Rf8 33. Rxf8+ Kxf8 34. g3 Kg8 35. Re2 a5 36. Kg2 a4 37. Nf3 Rc1 38. Kh3 a3 39. bxa3 Rxc3 40. Re8+ Kf7 41. Rc8 Rxf3 42. Rxc5 Rxa3 43. Rc7+ Kf6 1/2-1/2

[Event "Defi Nez-B"]
[Site "Gatineau CAN"]
[Date "2009.11.17"]
[Round "1"]
[White "Richard, Georges"]
[Black "Dagenais, Benoit"]
[Result "0-1"]
[WhiteElo "1629"]
[BlackElo "1249"]
[PlyCount "78"]
[GameId "2160767910030303"]
[EventDate "2009.11.17"]
[EventType "swiss"]
[EventRounds "5"]
[EventCountry "CAN"]
[SourceTitle "EXT 2011"]
[Source "ChessBase"]
[SourceDate "2011.11.26"]
[SourceVersion "1"]
[SourceVersionDate "2011.11.26"]
[SourceQuality "1"]

1. d4 Nf6 2. c4 e6 3. Nf3 c5 4. d5 exd5 5. cxd5 d6 6. Nc3 b5 7. Nxb5 Qa5+ 8. Nc3 Ba6 9. Bd2 Nbd7 10. Qc2 g6 11. g3 Bg7 12. Bg2 O-O 13. O-O Rab8 14. Rfe1 Rb7 15. e4 Rfb8 16. Nd1 Qc7 17. Bc3 Ng4 18. Bxg7 Kxg7 19. Rb1 Nge5 20. Nd2 Bd3 21. Qc3 Bxb1 22. Nxb1 Kg8 23. f4 Ng4 24. h3 Ngf6 25. e5 Ne8 26. Nd2 Nb6 27. b3 a5 28. Ne3 a4 29. f5 axb3 30. axb3 Nd7 31. Ng4 Nxe5 32. Nxe5 dxe5 33. fxg6 hxg6 34. d6 Nxd6 35. Bxb7 Nxb7 36. Rxe5 Qa5 37. Qe3 Qa1+ 38. Kf2 Rc8 39. Ne4 Qxe5 0-1

[Event "Defi Nez-B"]
[Site "Gatineau CAN"]
[Date "2009.11.17"]
[Round "1"]
[White "Rose, Richard1"]
[Black "Beland, Guy"]
[Result "1-0"]
[WhiteElo "1798"]
[BlackElo "1399"]
[PlyCount "22"]
[GameId "2160767910030304"]
[EventDate "2009.11.17"]
[EventType "swiss"]
[EventRounds "5"]
[EventCountry "CAN"]
[SourceTitle "EXT 2011"]
[Source "ChessBase"]
[SourceDate "2011.11.26"]
[SourceVersion "1"]
[SourceVersionDate "2011.11.26"]
[SourceQuality "1"]

1. e4 e5 2. Nf3 Nc6 3. Bc4 Bc5 4. Nc3 Nf6 5. d3 O-O 6. Bg5 Nd4 7. Nd5 c6 8. Nxf6+ gxf6 9. Bh6 Re8 10. Nxd4 d5 11. Nf5 Kh8 1-0

[Event "Defi Nez-B"]
[Site "Gatineau CAN"]
[Date "2009.11.17"]
[Round "1"]
[White "Sansfacon, Gaetan"]
[Black "Scantland, Patrick"]
[Result "0-1"]
[WhiteElo "1394"]
[BlackElo "1768"]
[PlyCount "52"]
[GameId "2160767910030305"]
[EventDate "2009.11.17"]
[EventType "swiss"]
[EventRounds "5"]
[EventCountry "CAN"]
[SourceTitle "EXT 2011"]
[Source "ChessBase"]
[SourceDate "2011.11.26"]
[SourceVersion "1"]
[SourceVersionDate "2011.11.26"]
[SourceQuality "1"]

1. c4 Nf6 2. Nc3 e6 3. Nf3 d5 4. e3 c5 5. d4 cxd4 6. exd4 Nc6 7. Be2 dxc4 8. Bxc4 Bb4 9. O-O O-O 10. Bg5 h6 11. Bxf6 Qxf6 12. Ne2 a6 13. a3 Ba5 14. Qc2 Ne7 15. Rad1 b5 16. Ba2 Bb7 17. Bb1 g6 18. Ne5 Rfd8 19. Ng4 Qg5 20. Ne3 Rac8 21. Qd3 Nf5 22. f4 Qe7 23. Ng4 Bb6 24. Ne5 Nxd4 25. Nxd4 Bxd4+ 26. Kh1 Bxe5 0-1

[Event "Defi Nez-B"]
[Site "Gatineau CAN"]
[Date "2009.11.17"]
[Round "1"]
[White "Thibault, Mario"]
[Black "Berthiaume, Serge"]
[Result "1-0"]
[WhiteElo "1723"]
[BlackElo "1312"]
[PlyCount "59"]
[GameId "2160767910030306"]
[EventDate "2009.11.17"]
[EventType "swiss"]
[EventRounds "5"]
[EventCountry "CAN"]
[SourceTitle "EXT 2011"]
[Source "ChessBase"]
[SourceDate "2011.11.26"]
[SourceVersion "1"]
[SourceVersionDate "2011.11.26"]
[SourceQuality "1"]

1. e4 e6 2. d3 Nf6 3. Nf3 h6 4. g3 d5 5. Qe2 Nc6 6. Bg2 b6 7. O-O Ba6 8. exd5 Nxd5 9. c4 Nf6 10. b3 Be7 11. Bb2 Rb8 12. d4 O-O 13. Nbd2 Qc8 14. Ne4 Rd8 15. Rfd1 Nxe4 16. Qxe4 Bf6 17. Qxc6 Bb7 18. Qb5 a6 19. Qb4 Rd6 20. Qe1 Qd8 21. Ne5 Bxg2 22. Kxg2 Qe8 23. Ba3 c5 24. dxc5 Rxd1 25. Rxd1 Bxe5 26. Qxe5 Qc6+ 27. f3 Rc8 28. Rd6 Qe8 29. cxb6 Qe7 30. Rc6 1-0

[Event "Defi Nez-B"]
[Site "Gatineau CAN"]
[Date "2009.11.24"]
[Round "2"]
[White "Beland, Guy"]
[Black "Richard, Georges"]
[Result "1-0"]
[WhiteElo "1399"]
[BlackElo "1629"]
[PlyCount "93"]
[GameId "2160767910030307"]
[EventDate "2009.11.17"]
[EventType "swiss"]
[EventRounds "5"]
[EventCountry "CAN"]
[SourceTitle "EXT 2011"]
[Source "ChessBase"]
[SourceDate "2011.11.26"]
[SourceVersion "1"]
[SourceVersionDate "2011.11.26"]
[SourceQuality "1"]

1. e4 c5 2. Nf3 Nc6 3. c3 g6 4. Bc4 e6 5. O-O Bg7 6. Re1 Nge7 7. d4 d5 8. Bb5 O-O 9. e5 Qb6 10. a4 Nf5 11. Bg5 Bd7 12. Na3 f6 13. exf6 Bxf6 14. Bxf6 Rxf6 15. Ne5 Nxe5 16. dxe5 Rf7 17. Bxd7 Rxd7 18. Nb5 a6 19. Nd6 Nxd6 20. exd6 Rxd6 21. b3 Rf8 22. Ra2 Qa5 23. Rae2 Rf6 24. Qc2 b5 25. g4 Qb6 26. Re5 c4 27. b4 bxa4 28. g5 Rf7 29. R1e2 d4 30. cxd4 Qxd4 31. Qxa4 Rf8 32. R5e4 Qd5 33. h4 Kf7 34. R2e3 Rc8 35. Qa3 Ke7 36. Qc3 Rf8 37. Rxc4 Qf5 38. Rc7+ Rd7 39. Rxd7+ Kxd7 40. Rd3+ Ke8 41. Qc6+ Kf7 42. Rf3 Ke7 43. Rxf5 Rxf5 44. Qxa6 Rd5 45. b5 Rd1+ 46. Kg2 Rb1 47. b6 1-0

[Event "Defi Nez-B"]
[Site "Gatineau CAN"]
[Date "2009.11.24"]
[Round "2"]
[White "Charland, Roger"]
[Black "Berthiaume, Patrick"]
[Result "0-1"]
[WhiteElo "1502"]
[BlackElo "1216"]
[PlyCount "58"]
[GameId "2160767910030308"]
[EventDate "2009.11.17"]
[EventType "swiss"]
[EventRounds "5"]
[EventCountry "CAN"]
[SourceTitle "EXT 2011"]
[Source "ChessBase"]
[SourceDate "2011.11.26"]
[SourceVersion "1"]
[SourceVersionDate "2011.11.26"]
[SourceQuality "1"]

1. e4 e6 2. d4 d5 3. Nc3 Bb4 4. exd5 Bxc3+ 5. bxc3 Qxd5 6. Nf3 Qa5 7. Bd2 c5 8. Bd3 Ne7 9. O-O Nbc6 10. Re1 b6 11. Be4 c4 12. d5 Nxd5 13. Bxd5 Qxd5 14. Qe2 Bb7 15. Rad1 Qf5 16. Bg5 h6 17. Bh4 g5 18. Bg3 g4 19. Nh4 Qf6 20. Qxc4 Rc8 21. Nf5 Qxf5 22. Rd6 Na5 23. Qd4 O-O 24. Re5 Qg6 25. Rd7 Nc6 26. Qd2 Rfd8 27. Rxd8+ Rxd8 28. Qc1 Nxe5 29. Bxe5 Qe4 0-1

[Event "Defi Nez-B"]
[Site "Gatineau CAN"]
[Date "2009.11.24"]
[Round "2"]
[White "Jani, Louis"]
[Black "Rose, Richard1"]
[Result "0-1"]
[WhiteElo "1404"]
[BlackElo "1798"]
[PlyCount "88"]
[GameId "2160767910030309"]
[EventDate "2009.11.17"]
[EventType "swiss"]
[EventRounds "5"]
[EventCountry "CAN"]
[SourceTitle "EXT 2011"]
[Source "ChessBase"]
[SourceDate "2011.11.26"]
[SourceVersion "1"]
[SourceVersionDate "2011.11.26"]
[SourceQuality "1"]

1. f4 e5 2. fxe5 d6 3. Nf3 Bg4 4. e3 dxe5 5. h3 Be6 6. e4 Bc5 7. Be2 Nc6 8. c3 Qf6 9. b4 Bb6 10. b5 Qf4 11. d4 Qg3+ 12. Kf1 exd4 13. cxd4 Nxd4 14. Nxd4 O-O-O 15. Bb2 Nf6 16. Bf3 Nxe4 17. Bxe4 Bc4+ 18. Kg1 Qe3+ 19. Kh2 Qxe4 20. Qg4+ Qxg4 21. hxg4 Bxd4 22. Bxd4 Rxd4 23. Nc3 Rxg4 24. a4 Rh4+ 25. Kg3 Rxh1 26. Rxh1 Re8 27. Kf2 h6 28. Rh4 Bd3 29. Rb4 f5 30. g3 c6 31. bxc6 bxc6 32. a5 Kc7 33. g4 fxg4 34. Rxg4 g6 35. Rd4 Bf5 36. Rc4 Re5 37. Ra4 Kb7 38. Ne2 Ka6 39. Nd4 Rxa5 40. Rxa5+ Kxa5 41. Nxc6+ Ka4 42. Nxa7 Bd7 43. Kg3 Ka5 44. Kf4 Ka6 0-1

[Event "Defi Nez-B"]
[Site "Gatineau CAN"]
[Date "2009.11.24"]
[Round "2"]
[White "Lacourse, Guy"]
[Black "Rainey, Ivan"]
[Result "1-0"]
[WhiteElo "1684"]
[BlackElo "1418"]
[PlyCount "113"]
[GameId "2160767910030310"]
[EventDate "2009.11.17"]
[EventType "swiss"]
[EventRounds "5"]
[EventCountry "CAN"]
[SourceTitle "EXT 2011"]
[Source "ChessBase"]
[SourceDate "2011.11.26"]
[SourceVersion "1"]
[SourceVersionDate "2011.11.26"]
[SourceQuality "1"]

1. d4 Nf6 2. Nf3 g6 3. c4 Bg7 4. Nc3 O-O 5. e4 d6 6. h3 e5 7. d5 a5 8. Be3 Na6 9. Be2 Nd7 10. Bg5 Qe8 11. Qd2 Nac5 12. O-O f5 13. exf5 Rxf5 14. Nh4 Rf8 15. Bg4 Nf6 16. Bxf6 Bxf6 17. Bxc8 Rxc8 18. Nf3 Qe7 19. Rfe1 Rcd8 20. Ne4 Nxe4 21. Rxe4 b6 22. Rc1 Bg7 23. Rce1 Qd7 24. b3 Rxf3 25. gxf3 Qxh3 26. Qe2 Rf8 27. f4 exf4 28. Re8 f3 29. Rxf8+ Bxf8 30. Qe6+ Qxe6 31. Rxe6 Kf7 32. Kh2 Bg7 33. Kg3 Be5+ 34. Kxf3 Bf6 35. Ke4 Be5 36. f4 Bf6 37. f5 Bc3 38. fxg6+ hxg6 39. Kf4 Be5+ 40. Kg5 Bc3 41. Rxg6 Ke7 42. Kf5 Be5 43. Re6+ Kd7 44. Rxe5 dxe5 45. Kxe5 Ke7 46. a3 Kd7 47. b4 axb4 48. axb4 Ke7 49. c5 bxc5 50. bxc5 Kd7 51. Kf6 c6 52. d6 Kd8 53. Ke6 Ke8 54. Ke5 Kd7 55. Kf6 Ke8 56. Ke6 Kd8 57. d7 1-0

[Event "Defi Nez-B"]
[Site "Gatineau CAN"]
[Date "2009.11.24"]
[Round "2"]
[White "Lavergne, Daniel"]
[Black "Berthiaume, Serge"]
[Result "1-0"]
[WhiteElo "1524"]
[BlackElo "1323"]
[PlyCount "63"]
[GameId "2160767910030311"]
[EventDate "2009.11.17"]
[EventType "swiss"]
[EventRounds "5"]
[EventCountry "CAN"]
[SourceTitle "EXT 2011"]
[Source "ChessBase"]
[SourceDate "2011.11.26"]
[SourceVersion "1"]
[SourceVersionDate "2011.11.26"]
[SourceQuality "1"]

1. d4 d5 2. c4 Nf6 3. cxd5 Qxd5 4. Nc3 Qa5 5. Nf3 Bf5 6. Bf4 Nd5 7. Bd2 Nxc3 8. Bxc3 Qd5 9. e3 Nc6 10. Be2 e6 11. a3 Be7 12. O-O f6 13. Qa4 O-O 14. Rfd1 Be4 15. Rac1 a6 16. Bc4 Qf5 17. Qb3 Nd8 18. Nh4 Qh5 19. Bxe6+ Kh8 20. f3 Qxh4 21. fxe4 Qxe4 22. Bd5 Qxe3+ 23. Kh1 Bd6 24. Re1 Qh6 25. h3 Qf4 26. Kg1 Qh2+ 27. Kf1 Bg3 28. Re7 Qh1+ 29. Ke2 Qxc1 30. Bd2 Qg1 31. Qxg3 Qxd4 32. Qxg7# 1-0